| 000 | 00777cam a2200217 a 4500 | ||
|---|---|---|---|
| 003 | EG-GiCUC | ||
| 008 | 080809s1971 ru g 000 0 ara d | ||
| 040 |
_aEG-GiCUC _bara _cEG-GiCUC |
||
| 092 | 0 | 4 |
_a665.53 _bI233 _221 |
| 099 |
_a04 _a665.53 I233 |
||
| 100 | 1 | _aايفانوفا : ل. | |
| 245 | 1 | 0 |
_aهندسة وصناعة تكرير البترول / _cل.ايفانوفا : م.كورنييف : ف.يوزباشيف |
| 260 |
_aموسكو : _bدار مير للطباعة و النشر : _c1971 |
||
| 300 |
_a448ص ؛ _c22سم |
||
| 650 | 7 |
_aالبترول _xتكرير _2qrmak |
|
| 902 | _a1 | ||
| 905 |
_aعبير _eمدخل |
||
| 905 |
_aعمر _eمراجع |
||
| 942 |
_2ddc _cBK |
||
| 999 |
_c101863 _d101863 |
||